Statistics for United States Cities Map Quiz

Click here to take the quiz!

General Stats

  • This quiz has been taken 122,240 times
    (93,378 since last reset)
  • The average score is 26 of 34

Answer Stats

Answer % Correct
Seattle
91%
Las Vegas
90%
San Diego
87%
Houston
86%
Miami
86%
Los Angeles
86%
Portland
85%
San Francisco
85%
Tampa
85%
New Orleans
84%
New York
84%
Phoenix
84%
El Paso
83%
Boston
82%
Atlanta
81%
Chicago
77%
Dallas
77%
Washington D.C.
76%
Denver
74%
Charlotte
73%
Detroit
71%
Minneapolis
70%
Boise
70%
Indianapolis
69%
Philadelphia
68%
Birmingham
67%
Pittsburgh
66%
Memphis
65%
Nashville
64%
Omaha
64%
Milwaukee
63%
Cincinnati
61%
St. Louis
60%
Cleveland
60%

Score Distribution

Percentile by Number Answered

Percent of People with Each Score

Your Score History

You have not taken this quiz since the last reset